Score 0/25 Timer 02:00
0 Plays Today
Hint Missing Word % Correct
_____ KingBurger
97.6%
_____ HutPizza
95.8%
_____ BellTaco
94.9%
Dairy _____Queen
94.1%
_____'n'Out BurgerIn
94%
_____ John Silver'sLong
93.7%
_____ Rock CafeHard
92.9%
_____ LobsterRed
92.8%
_____ in the BoxJack
92.8%
_____ GardenOlive
90.3%
Krispy _____Kreme
89.4%
_____ CastleWhite
85.5%
Ninety-_____ RestaurantsNine
85.3%
Hint Missing Word % Correct
Outback _____Steakhouse
83.5%
Panda _____ Express
80.2%
_____ & BustersDave
77.9%
_____ FactoryCheesecake
75%
_____ CorralGolden
72.1%
Qdoba ______ GrillMexican
66.9%
_____ Neighborhood Grill & BarApplebee's
66.4%
_____ Chicago GrillUno
43.4%
_____ Dave'sFamous
38.9%
_____ InnVillage
18.6%
_____! Fresh Soup Co.Zoup
13.9%
_____ SteakhouseYork
3.4%

Today's Daily Dose

Remove Ads.
Support Sporcle.
Get the best of Sporcle when you Go Orange. This ad-free experience offers more features, more stats, and more fun while also helping to support Sporcle. Thank you for becoming a member.

You're not logged in!

Compare scores with friends on all Sporcle quizzes.
OR
Log In

Show Comments

Extras

Top Quizzes Today


Score Distribution

Your Account Isn't Verified!

In order to create a playlist on Sporcle, you need to verify the email address you used during registration. Go to your Sporcle Settings to finish the process.

Report this User

Report this user for behavior that violates our Community Guidelines.

Details: